000 01064nam a22003137a 4500
003 OSt
005 20210930081034.0
008 160126b xxu||||| |||| 00| 0 eng d
010 _a 98184967
020 _a0201696991
035 _a(OCoLC)39163429
040 _aMMU
_cMMU
_dmmuMMU
_beng
042 _alccopycat
050 0 0 _aZ253.532.Q37
_bW48 1998
082 0 0 _a686.2/25445369
_221
100 1 _aWeinmann, Elaine.
245 1 0 _aQuarkXPress 4 for Windows /
_cElaine Weinmann.
246 3 _aQuarkXPress four for Windows
246 1 4 _aQuarkXPress for Windows
260 _aBerkeley, Calif. :
_bPeachpit Press,
_cc1998.
300 _axx, 345 p. :
_bill. ;
_c24 cm.
440 0 _aVisual quickstart guide
500 _aIncludes index.
630 0 0 _aQuarkXPress (Computer file)
650 0 _aDesktop publishing.
906 _a7
_bcbc
_ccopycat
_d2
_encip
_f19
_gy-gencatlg
942 _2lcc
_cLOAN LOAN
999 _c16248
_d16248